Science Quiz

Random Science or Clickable Quiz

Effects of Coffee on the Brain Quiz Stats

 Plays Quiz not verified by Sporcle

Challenge
Share
Tweet
Embed
Score 0/10 Timer 01:00
0 Plays Today
% Correct
True
75%
True
74.5%
True
74.5%
True
71.4%
True
67.9%
False
67.3%
False
63.6%
False
62.5%
False
60.7%
False
55.4%

You're not logged in!

Compare scores with friends on all Sporcle quizzes.
Join for Free
OR
Log In

You Might Also Like...

Show Comments

Extras

Created Jan 19, 2016ReportNominate
Tags:Clickable Quiz, brain, coffee, effect

Top Quizzes Today


Score Distribution

Your Account Isn't Verified!

In order to create a playlist on Sporcle, you need to verify the email address you used during registration. Go to your Sporcle Settings to finish the process.

Report this User

Report this user for behavior that violates our Community Guidelines.

Details: